| 000 | 00408nam a2200169Ia 4500 | ||
|---|---|---|---|
| 005 | 20250423095428.0 | ||
| 008 | 250422s9999 xx 000 0 und d | ||
| 020 | _a0- 13- 094156- 5 | ||
| 050 | _aRT41.F873/ | ||
| 100 | _aRoberto Pavy Ramont | ||
| 245 | 0 | _aFundamental nursing care | |
| 260 | _bPearson Education, Inc. | ||
| 260 | _c2004 | ||
| 300 | _a843 p | ||
| 650 | _aNursing process | ||
| 942 | _cBK | ||
| 999 |
_c30246 _d30246 |
||